000 01777nam a2200397 c 4500
999 _c379167
_d379167
003 BLK
005 20210908164427.0
008 200316b bul|||||r ||||||| ||bul||
010 _aKNG00177440RET
040 _aBLK
041 _aBUL
_cBUL
080 _aЕстествени минерални влакна
_b677.51
_z677.51
100 1 _aПешев, Христо
_eпърви автор
_9423441
139 _aПешев, Христо
245 1 0 _aПроизводствени процеси във вълнената промишленост
_cХристо Пешев; Иван Бор. Атанасов; Борис Ангелов Сребров;
257 _aBGR
260 _aСофия
_bТехника
_c1963
_fВраца : В. Александров
300 _a132 с.
_bс ил.
_c18 см
380 _a62
490 _aБиблиотека на производствениците от текстилната промишленост
_9206274
500 _a2 582 тир.
650 4 _aВълнена промишленост
_9151465
653 7 _aтъкачество
_9198834
700 1 _aАтанасов, Иван Бор.
_eсъавт.
_9423442
700 1 _aСребров, Борис Ангелов
_eсъавт.
_9423443
852 _aЦб І 6382
_bЦб
856 4 _qpdf
_u
856 4 _qpdf
_u
942 _cKNG
_n0
_2udc
_s1
_01